Extrém vendéglátó egységek napjainkban

Bibliographic Details
Main Author: Murár Fanni
Other Authors: Nagy Mihály
Format: Thesis
Kulcsszavak:Extrém
Posztmodern
Ázsia
Online Access:http://dolgozattar.uni-bge.hu/23141

MARC

LEADER 00000nta a2200000 i 4500
001 dolg23141
005 20200227101802.0
008 191122suuuu hu om 000 hun d
040 |a BGE Dolgozattár Repozitórium  |b hun 
041 |a hu 
100 1 |a Murár Fanni 
245 1 0 |a Extrém vendéglátó egységek napjainkban  |c Murár Fanni  |h [elektronikus dokumentum] 
246 1 1 |a Extrém vendéglátó egységek napjainkban 
695 |a Extrém 
695 |a Posztmodern 
695 |a Ázsia 
700 1 |a Nagy Mihály  |e ths 
856 4 0 |u http://dolgozattar.uni-bge.hu/23141/1/Mur%C3%A1r%20Fanni_DE5JMS_TV.pdf  |z Dokumentum-elérés